Stories of courage (Record no. 405489)

MARC details
000 -LEADER
fixed length control field 00261nam a2200097Ia 4500
082 ## - DEWEY DECIMAL CLASSIFICATION NUMBER
Classification number T 920.02 SWAI
008 - FIXED-LENGTH DATA ELEMENTS--GENERAL INFORMATION
fixed length control field 210817s9999 xx 000 0 und d
100 ## - MAIN ENTRY--PERSONAL NAME
Personal name Swain, Clare Harlow, Essex, 2004
9 (RLIN) 96488
245 #0 - TITLE STATEMENT
Title Stories of courage
942 ## - ADDED ENTRY ELEMENTS
item type Books

No items available.